Uusi Päivä - kenen lause - Statistics

Yleistilastot
  • Tätä visaa on pelattu 109 kertaa
    96 viimeisimmän päivityksen jälkeen
  • Keskiarvotulos 15 / 18
Vastaustilastot
Hint Vastaus % Oikein
"Mamma perkele! Millä vuosituhannella sä oikein elät?" Elina Haavisto
99%
"Voi peeveli! Peevelin peeveli! Sakramenttu! Voi mullisaukon pojat!" Asko Haavisto
98%
"Tää nyt on vaan tämmönen seminaarijakku" Minna Haavisto
95%
"Pakkohan sen Lissun on johonkin iskeä kiinni jos joku vielä kiinnostuu, maa vetää sitäkin jo puoleensa" Otso Karhu
95%
"Aivan sama mitä Guru Shiwatsu sanoo, Guru Palomäki on nyt aivan toista mieltä" Karri Palomäki
93%
"Tuiki tuiki pohjantähti, kun Holopainen täältä lähti" Ensio Haavisto
92%
"Kyllä mä oon tienny että mä oon sokee mutta värisokeekin vielä" Lauri Kallio
90%
"Aina koittaa uusi päivä" Aino Haavisto
89%
"Mikä minkinhäntä sulla on päässä?" Marika Ruuskanen-Kuusla
83%
"Supersuosittu päivädiskomme lyö rytmimusiikilla harmaata arkea turpaan" Tero Kuusla
82%
"Miks tässä lukee forever Katri?" Lissu Kanerva
79%
"Hyvä hyvä huusivat lapset ja taputtivat karvaisia käsiään" Pentti Ruuskanen
79%
"Asko on mun.. Hur säger man det på finska, själkompis?" Lotta Sund
78%
"Herra kasvain veti just mun munakkaan" Aleksi Ruuskanen
71%
"Riistäjä-sortaja!" Peetu Määttä
71%
"Mulla ei riitä järki eikä ymmärrys miten aikuinen mies voi olla noin kiinnostunu munistaan!" Maija Helminen
66%
"Tulen kuin Kimi Räikkönen" Henrik Paltamo
62%
"Me ei todellakaan olla tekemässä biisiä mistään nörttien get-togetheristä" Lenni Morris
61%
Ehtoja vastaavia visoja ei löytynyt
Tulosjakauma
Jokaisen tuloksen saaneiden osuus
Persentiili vastausten määrän mukaan
Tuloshistoriasi
Et ole pelannut tätä visaa sen viimeisimmän päivityksen jälkeen